LEADER 01096nam a2200253 i 4500 001 000000141351 003 CaOOAMICUS 005 20050714000000.0 008 050714s1929 it u000 u ita u 013 $a115766 040 $aSeMil$bita 100 1 $aCastelli, Enrico <1900-1977>.$0(OLS)http://semarc/name/393 245 10$aFilosofia e apologetica :$bsaggi critici di filosofia della religione /$cEnrico Castelli. 260 $aRoma :$bSignorelli,$c1929. 300 $a191 p. ;$c20 cm. 490 0 $aCollezione filosofica ;$v7. 650 4$aApologetica.$0(OLS)http://semarc/subject/703 650 4$aFilosofia.$0(OLS)http://semarc/subject/212 650 4$aFilosofia della religione.$0(OLS)http://semarc/subject/504 830 0$aCollezione filosofica ;$v7.$0(OLS)http://semarc/title/18479 850 $aSeMil 852 $aSeMil$W1$xVenegono$y1$m2R II 214$j94595$B94595$CSeMilBibl$Z2$F100351 $81 996 $6245$aFilosofia e apologetica :$bsaggi critici di filosofia della religione$9(OLS)http://semarc/title/206529 996 $6260$aRoma :$bSignorelli$9(OLS)http://semarc/publisher/33765 LEADER 01270nam a2200241 i 4500 001 000000231341 003 CaOOAMICUS 005 20140722000000.0 008 140722s1948 it u000 u ita u 013 $a210244 040 $aSeMil$bita 245 13$aIl Quarantotto milanese nelle immagini, nei documenti, nelle vicende e negli uomini /$ca cura di Leopoldo Marchetti e Marino Parenti. 260 $aNovara :$bIstituto Geografico De Agostini,$c1948. 300 $a204 p. :$bin gran parte ill. ;$c35 cm + 1 fasc. 500 $aIl fasc. allegato riproduce, nel formato originale, gli schizzi delle barricate delle Cinque Giornate, rilevate dal vero dall'ing. Luigi Robecchi di Milano. 650 4$aMilano - Storia - 1848-1853.$0(OLS)http://semarc/subject/33729 700 1 $aParenti, Marino.$0(OLS)http://semarc/name/7102 700 1 $aMarchetti, Leopoldo.$0(OLS)http://semarc/name/14338 850 $aSeMil 852 $aSeMil$W1$xVenegono$y1$m3O VI 174$j181687$B181687$CSeMilBibl$Z2$F192997 $81 961 $aLascito: Rossi don Giuseppe 996 $6245$aIl Quarantotto milanese nelle immagini, nei documenti, nelle vicende e negli uomini$9(OLS)http://semarc/title/330400 996 $6260$aNovara :$bIstituto Geografico De Agostini$9(OLS)http://semarc/publisher/31865